World insurance : (Record no. 4447)

MARC details
000 -LEADER
fixed length control field 01427cam a2200325 a 4500
001 - CONTROL NUMBER
control field BD-DhSAU 4447
003 - CONTROL NUMBER IDENTIFIER
control field BD-DhSAU
005 - DATE AND TIME OF LATEST TRANSACTION
control field 20150218125952.0
008 - FIXED-LENGTH DATA ELEMENTS--GENERAL INFORMATION
fixed length control field 150218s2012 enk ob 001 0 eng d
020 ## - INTERNATIONAL STANDARD BOOK NUMBER
International Standard Book Number 9780199657964 (hbk.)
020 ## - INTERNATIONAL STANDARD BOOK NUMBER
International Standard Book Number 0199657963 (hbk.)
040 ## - CATALOGING SOURCE
Original cataloging agency BD-DhSAU
082 ## - DEWEY DECIMAL CLASSIFICATION NUMBER
Classification number -
Item number -
245 00 - TITLE STATEMENT
Title World insurance :
Remainder of title the evolution of a global risk network /
Statement of responsibility, etc. edited by Peter Borscheid and Niels Viggo Haueter.
250 ## - EDITION STATEMENT
Edition statement 1st ed.
260 ## - PUBLICATION, DISTRIBUTION, ETC. (IMPRINT)
Place of publication, distribution, etc. Oxford :
Name of publisher, distributor, etc. Oxford University Press,
Date of publication, distribution, etc. 2012.
300 ## - PHYSICAL DESCRIPTION
Extent xvi, 729 p. ;
Dimensions 26 cm.
500 ## - GENERAL NOTE
General note Oxford scholarship online Business and Management
504 ## - BIBLIOGRAPHY, ETC. NOTE
Bibliography, etc Includes bibliographical references (p. [647]-674) and index.
505 0# - FORMATTED CONTENTS NOTE
Formatted contents note Europe -- North America -- Sub-Saharan Africa -- Middle East and Northern Africa -- Far East and Pacific -- Latin America and Caribbean.
590 ## - Name of Cataloguer
Name of Cataloger roy
650 #0 - SUBJECT ADDED ENTRY--TOPICAL TERM
Topical term or geographic name as entry element Insurance
General subdivision History.
650 #0 - SUBJECT ADDED ENTRY--TOPICAL TERM
Topical term or geographic name as entry element Insurance
General subdivision History
Form subdivision Case studies.
700 1# - ADDED ENTRY--PERSONAL NAME
Personal name Borscheid, Peter.
700 1# - ADDED ENTRY--PERSONAL NAME
Personal name Haueter, Niels Viggo.
856 ## - ELECTRONIC LOCATION AND ACCESS
Uniform Resource Identifier <a href="http://www.oxfordscholarship.com/view/10.1093/acprof:oso/9780199657964.001.0001/acprof-9780199657964?rskey=R9dj0Y&result=81">http://www.oxfordscholarship.com/view/10.1093/acprof:oso/9780199657964.001.0001/acprof-9780199657964?rskey=R9dj0Y&result=81</a>
Link text Full text through SAU LAN
856 ## - ELECTRONIC LOCATION AND ACCESS
Uniform Resource Identifier <a href=" http://doi.org/10.1093/acprof:oso/9780199657964.001.0001"> http://doi.org/10.1093/acprof:oso/9780199657964.001.0001</a>
Link text DOI : Full text through SAU LAN
906 ## - LOCAL DATA ELEMENT F, LDF (RLIN)
a 7
b cbc
c copycat
d 2
e ncip
f 20
g y-gencatlg
942 ## - ADDED ENTRY ELEMENTS (KOHA)
Source of classification or shelving scheme Dewey Decimal Classification
Koha item type Book

No items available.